000 00262 a2200121 4500
001 149992
040 _cEscola São Tomás de Aquino
100 _aMURRAY, Roseana
240 1 0 _aFruta no ponto
_lpor
245 1 0 _aFruta no ponto
697 _aPoesia
942 _cBK
999 _c149992
_d149992